| 000 | 00663nam a22002177a 4500 | ||
|---|---|---|---|
| 003 | OSt | ||
| 005 | 20220107122739.0 | ||
| 008 | 140421b xxu||||| |||| 00| 0 eng d | ||
| 020 | _a9788132105015 | ||
| 040 | _cIIITM-K | ||
| 082 | _a658.4012 MAS/B | ||
| 100 |
_aMascarenhas, Oswald A.J _94354 |
||
| 245 |
_aBusiness transformation strategies: _bThe strategic leader as innovation manager _cby Oswald A.J Mascarenhas |
||
| 260 |
_aNew Delhi, _bSage, _c2011. |
||
| 300 | _axxii, 657p. | ||
| 650 |
_aMANAGEMENT _94355 |
||
| 650 |
_aSTRATEGIC MANAGEMENT _94356 |
||
| 650 |
_aLEADERSHIP MANAGEMENT _94357 |
||
| 650 |
_aINNOVATION MANAGEMENT _94358 |
||
| 942 |
_2ddc _cBK |
||
| 999 |
_c3909 _d3909 |
||